1428 1453 1696 1114 1302 1698 1691 1677 1118 1400 1710 1064 1272 1004 1771 1286 1285 1356 1499 1487 1032 1664 1415 1981 1401 1154 1495 1026 1827 1019 1328 1796 1044 1595 1623 1345 1267 1379 1350 1216 1740 1862 1589 1002 1919 1011 1327 1862 1959 1916 1539 1236 1270 1489 1976 1371 1074 1952 1120 1078 1976 1287 1897 1675 1606 1437 1851 1952 1289 1741 1144 1981 1344 1882 1886 1504 1049 1163 1940 1803 1428 1691 1913 1398 1082 1466 1251 1445 1378 1060 1287 1123 1355 1283 1125 1840 1325 1831 1173 BCNSPRNW ULIB Ver.6.0+V

เปลี่ยนเป็นภาษาไทย

Change to English
 แสดงรายละเอียดบรรณานุกรม
  กลับหน้าหลัก

Brief Record : Get Marc (ISO 2709) : E-mail record : QR code < ปิดหน้าต่าง
LEADER : 00000nam 2200000uu 4500
001    13399128931
003     ULIB
008    241030s2023||||th 000 0 tha d
020    ^a9780323826792
060 04 ^aQV4^bL731S
100 1  ^aLinda E. McCuistion
245 10 ^aStudy Guide Pharmacology A Patient-Centered Nursing Process Approach /^cLinda E. McCuistion
250    ^a11th ed.
260    ^aSt. Louis, Mo. :^bElsevier,^c2023
300    ^aviii, 306 p. ;^c28 cm.
650  2 ^aDrugs
650  2 ^aDrug Therapy^xNurses Instruction
650  2 ^aNursing
650  2 ^aPharmacology
650  2 ^aPharmacology^xExamination Questions
650  2 ^aPharmaceutical Preparations^xadministration & dosage^xNurses Instruction
945    ^p1615^l0^i011181
999    ^aประนอม เกษจรัล
รายการนี้ยังไม่มีแท็ก
คุณยังไม่ได้ล็อกอิน คุณสามารถมีกิจกรรมร่วมกับเว็บไซต์ได้ แต่ต้องล็อกอินก่อน ::
  ล็อกอิน

รายการสื่อสารสนเทศ

ลำดับที่ ประเภท เลขเรียก/บาร์โค้ด สถานที่ สถานะ
1. วิทยาศาสตร์การแพทย์ และสุขภาพ
หนังสือสำรอง
สถานะ=หนังสือสำรอง
QV4 L731S ฉ.1 
  Barcode: 011181
ห้องสมุดวิทยาเขตสวรรค์ประชารักษ์
►หนังสือทั่วไป
บนชั้น

รายการใกล้เคียง
    ผู้แต่ง [Linda E. McCuistion]

    หัวเรื่อง [Drugs]
    หัวเรื่อง [Nursing]
    หัวเรื่อง [Pharmacology]

BibComment


ยังไม่เคยถูกคอมเมนท์

คอมเมนท์ทรัพยากรรายการนี้
  คอมเมนท์: Study Guide Pha..


 Copyright 2026. Bcnsprnw @Library